Quijote del Centenario (Record no. 2552)

MARC details
000 -CABECERA
campo de control de longitud fija 02906nam a2200313 a 4500
001 - NÚMERO DE CONTROL
campo de control BRCA_2812
005 - FECHA Y HORA DE LA ÚLTIMA TRANSACCIÓN
campo de control 20190320204000.0
008 - DATOS DE LONGITUD FIJA--INFORMACIÓN GENERAL
campo de control de longitud fija 081208s1905----sp-a---###---#000-0#spa-u
041 ## - CÓDIGO DE LENGUA
Código de lengua del texto/banda sonora o título independiente spa
044 ## - CÓDIGO DEL PAÍS DE LA ENTIDAD EDITORA/PRODUCTORA
Código MARC del país sp
084 ## - OTRO NÚMERO DE CLASIFICACIÓN
Número de clasificación 258
Número de documento/Ítem .C33
-- 1905
100 1# - ENTRADA PRINCIPAL--NOMBRE DE PERSONA
Nombre de persona Cervantes Saavedra, Miguel de
Fechas asociadas al nombre 1547-1616
9 (RLIN) 213
245 10 - MENCIÓN DE TÍTULO
Título Quijote del Centenario
Resto del título El Ingenioso Hidalgo Don Quijote de la Mancha
Mención de responsabilidad, etc. compuesto por Miguel de Cervantes Saavedra.
260 ## - PUBLICACIÓN, DISTRIBUCIÓN, ETC.
Lugar de publicación, distribución, etc. Madrid
Nombre del editor, distribuidor, etc. R. L. Cabrera
Fecha de publicación, distribución, etc. 1905
300 ## - DESCRIPCIÓN FÍSICA
Extensión 8 v.
Otras características físicas il.
Dimensiones 33 cm.
500 ## - NOTA GENERAL
Nota general Conenido : v 1. Primera parte. Retrato de José Jiménez Aranda. Juicio critico de J. R. Mélida. Dedicatoria del autor. Prólogo del autor. Versos preliminares. Texto. -- v 2. Láminas. -- v 3. Texto. -- v 4. Láminas. -- v 5. Segunda parte. Dedicatoria del autor. Prólogo del autor. Texto. -- v 6. Láminas. -- v 7. Texto. -- v 8. Láminas
500 ## - NOTA GENERAL
Nota general Edición : 689 láminas de J. Jiménez Aranda y III de Alpériz, Bilbao, García Ramos, Jiménez, L. Cabrera, Moreno Carbonero, Sorolla, Sala y Villegas, con un juicio crítico de la obra de D. José R Mélida
500 ## - NOTA GENERAL
Nota general Producto de la labor de una parte de la vida de J. Jiménez Aranda, original y notabilísimo dibujante. Su propósito fue hacer una íntegra representación gráfica de la novela, frase por frase, siguiendo el hilo de sus episodios. En efecto, constituyen su labor artística en esta edición 137 dibujos y 552 bocetos, en los cuales escena por escena va representado el contenido de los capítulos de la novela, poniendo al pie de cada lámina las primeras palabras del pasaje a que hace referencia, en español, francés, alemán e inglés. La muerte impidió al artista ver terminada su obra, tal y como la había concebido. Concluyeron la ardua tarea, pero representando tan sólo los pasajes más salientes de los demás capítulos, su hermano Luis, Alpériz y otros, cuyos nombres figuran en el título de esta publicación. De esta suntuosa y magnífica edición, impresa con claros y hermosos tipos y grandes márgenes sobre papel superior, puede decirse que, desde el punto de vista artístico, constituye el más valioso intento de expresión gráfica del Quijote, y una de las ediciones castellanas de la novela en que los artistas españoles han sabido interpretar bien más notables escenas y lugares. Tela roja; lomeras y tapas decoradas con adornos dorados Lúdovik Osterc
500 ## - NOTA GENERAL
Nota general Estado físico : Los volumenes 7 y 8 presentan el lomo ligeramente desprendido
500 ## - NOTA GENERAL
Nota general Con ex-libris de : Luis Bardón
500 ## - NOTA GENERAL
Nota general QM230
650 14 - PUNTO DE ACCESO ADICIONAL DE MATERIA--TÉRMINO DE MATERIA
Término de materia o nombre geográfico como elemento de entrada Novela española
Subdivisión cronológica Época clásica, 1500-1700
9 (RLIN) 215
650 14 - PUNTO DE ACCESO ADICIONAL DE MATERIA--TÉRMINO DE MATERIA
Término de materia o nombre geográfico como elemento de entrada Literatura española
Subdivisión cronológica Época clásica, 1500-1700
9 (RLIN) 216
650 14 - PUNTO DE ACCESO ADICIONAL DE MATERIA--TÉRMINO DE MATERIA
Término de materia o nombre geográfico como elemento de entrada Novela española
Subdivisión cronológica Siglo XVII
9 (RLIN) 217
650 14 - PUNTO DE ACCESO ADICIONAL DE MATERIA--TÉRMINO DE MATERIA
Término de materia o nombre geográfico como elemento de entrada Don Quijote (Personaje ficticio)
Término indicativo de función/relación Novela
9 (RLIN) 218
740 0# - PUNTO DE ACCESO ADICIONAL--TÍTULO RELACIONADO O ANALÍTICO NO CONTROLADO
Título relacionado o analítico no controlado El Ingenioso Hidalgo Don Quijote de la Mancha
902 ## - CATALOGADOR
Iniciales QFM
942 ## - ELEMENTOS DE PUNTO DE ACCESO ADICIONAL (KOHA)
Fuente del sistema de clasificación o colocación Library of Congress Classification
Tipo de ítem Koha Libros
Holdings
Estado de retiro Estado de pérdida Estado dañado No para préstamo Localización permanente Ubicación/localización actual Fecha de adquisición Número de inventario Total de préstamos Signatura topográfica completa Código de barras Fecha visto por última vez Precio válido a partir de Tipo de ítem Koha
El ejemplar forma parte de la colección y puede ser consultado según las políticas vigentes.       Biblioteca del Museo Franz Mayer (Rogerio Casas-Alatriste) Biblioteca del Museo Franz Mayer (Rogerio Casas-Alatriste) 08/12/2008 QM230   258 .C33 1905 (QM230) 2809 22/03/2019 22/03/2019 Libros